| 000 -LEADER |
| fixed length control field |
01141pab a2200145 454500 |
| 008 - FIXED-LENGTH DATA ELEMENTS--GENERAL INFORMATION |
| fixed length control field |
180718b xxu||||| |||| 00| 0 eng d |
| 100 ## - MAIN ENTRY--PERSONAL NAME |
| Personal name |
Kronenberg, Vernon J. |
| 245 ## - TITLE STATEMENT |
| Title |
Western ministries of defence: rules for organisational change. |
| 520 ## - SUMMARY, ETC. |
| Summary, etc. |
The author describes that much of the comparative polities literature seeks the development of models that can be applied cross-nationally and to other time periods. Cross-national comparisons of five Western countries have been conducted to identify some covarying patterns of changes in top-leveldefence organisations. The fivecountries studied over the 40-year period 1945-85 are Aurstralia, Canada, New Zealand, the United Kingdom and the United States. Two types of change events were identified the outcomes of decentralising decisions. Four rules are lested: in the areas of politics, defence budgets, state of conflict, and coalition formation. Rule 1 posits the existence of a correlation between the type of |
| 650 ## - SUBJECT ADDED ENTRY--TOPICAL TERM |
| Topical term or geographic name entry element |
Defence, National |
| 650 ## - SUBJECT ADDED ENTRY--TOPICAL TERM |
| Topical term or geographic name entry element |
Organisational Change |
| 700 ## - ADDED ENTRY--PERSONAL NAME |
| Personal name |
Earnshaw, Paul |
| 773 ## - HOST ITEM ENTRY |
| Main entry heading |
Austration Journal of Public Administration |
| 909 ## - |
| -- |
22781 |